000 00286nam a2200121Ia 4500
008 190216s9999||||xx |||||||||||||| ||und||
100 _aNull
245 0 _aHindi-Meri Sresht Prem Kahaniyam
260 _bMac Millian And Com. Ltd
_c2008
300 _a150
650 _aHindi
942 _cBK
999 _c16537
_d16537